Agricultural biotechnology (Record no. 234542)

000 -LEADER
fixed length control field 01054cam a2200289 a 4500
001 - CONTROL NUMBER
control field 1442172
003 - CONTROL NUMBER IDENTIFIER
control field Nust
005 - DATE AND TIME OF LATEST TRANSACTION
control field 20170322132302.0
008 - FIXED-LENGTH DATA ELEMENTS--GENERAL INFORMATION
fixed length control field 850522m19009999ne a b 000 0 eng
010 ## - LIBRARY OF CONGRESS CONTROL NUMBER
LC control number 85011634
020 ## - INTERNATIONAL STANDARD BOOK NUMBER
International Standard Book Number 81-7754-156-0
040 ## - CATALOGING SOURCE
Original cataloging agency DLC
Transcribing agency DLC
Modifying agency DLC
050 00 - LIBRARY OF CONGRESS CALL NUMBER
Classification number QK731
Item number .H64 1987
082 00 - DEWEY DECIMAL CLASSIFICATION NUMBER
Classification number 582/.03/1
Edition number 19
245 00 - TITLE STATEMENT
Title Agricultural biotechnology
Statement of responsibility, etc. by S.S. Purohit
260 ## - PUBLICATION, DISTRIBUTION, ETC.
Place of publication, distribution, etc. Jodhpur, India
Name of publisher, distributor, etc. Agrobios ( india )
Date of publication, distribution, etc. 2003
300 ## - PHYSICAL DESCRIPTION
Extent v. 938 P :
Other physical details ill. ;
Dimensions 25 cm.
440 #0 - SERIES STATEMENT/ADDED ENTRY--TITLE
Title Advances in agricultural biotechnology ;
Volume/sequential designation <AAB 21 >
504 ## - BIBLIOGRAPHY, ETC. NOTE
Bibliography, etc. note Includes bibliographies.
650 #0 - SUBJECT ADDED ENTRY--TOPICAL TERM
Topical term or geographic name entry element Plant hormones.
650 #0 - SUBJECT ADDED ENTRY--TOPICAL TERM
Topical term or geographic name entry element Growth (Plants)
General subdivision Regulation.
650 #0 - SUBJECT ADDED ENTRY--TOPICAL TERM
Topical term or geographic name entry element Plants
General subdivision Development.
700 1# - ADDED ENTRY--PERSONAL NAME
Personal name Purohit, S. S.
906 ## - LOCAL DATA ELEMENT F, LDF (RLIN)
a 7
b cbc
c orignew
d 1
e ocip
f 19
g y-gencatlg
942 ## - ADDED ENTRY ELEMENTS (KOHA)
Source of classification or shelving scheme
Koha item type Book
Holdings
Withdrawn status Lost status Source of classification or shelving scheme Damaged status Not for loan Collection code Permanent Location Current Location Date acquired Total Checkouts Full call number Barcode Date last seen Price effective from Koha item type
            Atta-ur-Rahman School of Applied Biosciences (ASAB) Atta-ur-Rahman School of Applied Biosciences (ASAB) 03/22/2017   631.30 PUR ASAB2271 03/22/2017 03/22/2017 Book
© 2023 Central Library, National University of Sciences and Technology. All Rights Reserved.